[Event "April 9 Early 2024"]
[Site "Chess.com"]
[Date "2024.04.09"]
[Round "1"]
[White "Adireddy Arjun"]
[Black "Shishkov, Andrei"]
[Result "1-0"]
[Board "166"]
[WhiteFideId "25647709"]
[BlackFideId "4500563"]
[WhiteTitle "FM"]
[BlackTitle "IM"]
[WhiteElo "2689"]
[BlackElo "2391"]
[WhiteTeam "IND"]
[BlackTeam "EST"]
[WhiteClock "0:00:19"]
[BlackClock "0:00:00"]
[Variant "Standard"]

1. e4 {[%clk 0:03:00]}  d5 {[%clk 0:02:58]} 2. exd5 {[%clk 0:02:57]}  Nf6 {[%clk 0:02:59]} 3. d4 {[%clk 0:02:53]}  Nxd5 {[%clk 0:02:59]} 4. Nf3 {[%clk 0:02:53]}  Bg4 {[%clk 0:02:58]} 5. Be2 {[%clk 0:02:54]}  Nc6 {[%clk 0:02:58]} 6. O-O {[%clk 0:02:52]}  e6 {[%clk 0:02:58]} 7. h3 {[%clk 0:02:53]}  Bh5 {[%clk 0:02:57]} 8. Re1 {[%clk 0:02:49]}  Be7 {[%clk 0:02:56]} 9. c4 {[%clk 0:02:49]}  Nb6 {[%clk 0:02:56]} 10. Nc3 {[%clk 0:02:38]}  O-O {[%clk 0:02:51]} 11. b3 {[%clk 0:02:21]}  Bxf3 {[%clk 0:02:50]} 12. Bxf3 {[%clk 0:02:22]}  Qxd4 {[%clk 0:02:32]} 13. Qxd4 {[%clk 0:02:11]}  Nxd4 {[%clk 0:02:33]} 14. Bxb7 {[%clk 0:02:11]}  Nc2 {[%clk 0:01:39]} 15. Bxa8 {[%clk 0:02:08]}  Rxa8 {[%clk 0:01:38]} 16. Bb2 {[%clk 0:01:54]}  Bf6 {[%clk 0:01:26]} 17. Red1 {[%clk 0:01:45]}  Nxa1 {[%clk 0:01:25]} 18. Bxa1 {[%clk 0:01:46]}  Kf8 {[%clk 0:01:13]} 19. Bb2 {[%clk 0:01:39]}  c6 {[%clk 0:00:46]} 20. Ba3+ {[%clk 0:01:37]}  Ke8 {[%clk 0:00:46]} 21. Ne4 {[%clk 0:01:36]}  Be7 {[%clk 0:00:45]} 22. Bb2 {[%clk 0:01:16]}  f6 {[%clk 0:00:30]} 23. Nd6+ {[%clk 0:01:12]}  Kf8 {[%clk 0:00:29]} 24. Nb7 {[%clk 0:01:11]}  Rb8 {[%clk 0:00:21]} 25. Na5 {[%clk 0:01:11]}  Rc8 {[%clk 0:00:17]} 26. a3 {[%clk 0:01:04]}  Ke8 {[%clk 0:00:17]} 27. b4 {[%clk 0:01:02]}  c5 {[%clk 0:00:15]} 28. b5 {[%clk 0:01:00]}  Rd8 {[%clk 0:00:13]} 29. Rxd8+ {[%clk 0:00:59]}  Bxd8 {[%clk 0:00:14]} 30. Bc1 {[%clk 0:00:55]}  Bc7 {[%clk 0:00:13]} 31. Be3 {[%clk 0:00:53]}  Bd6 {[%clk 0:00:11]} 32. Kf1 {[%clk 0:00:40]}  Kd7 {[%clk 0:00:11]} 33. Ke2 {[%clk 0:00:41]}  Kc7 {[%clk 0:00:11]} 34. Kd3 {[%clk 0:00:42]}  f5 {[%clk 0:00:10]} 35. f3 {[%clk 0:00:40]}  e5 {[%clk 0:00:10]} 36. Nc6 {[%clk 0:00:29]}  a6 {[%clk 0:00:09]} 37. Na5 {[%clk 0:00:28]}  axb5 {[%clk 0:00:09]} 38. cxb5 {[%clk 0:00:29]}  Nd5 {[%clk 0:00:08]} 39. Nc4 {[%clk 0:00:28]}  Nb6 {[%clk 0:00:06]} 40. Nxb6 {[%clk 0:00:25]}  Kxb6 {[%clk 0:00:07]} 41. Kc4 {[%clk 0:00:26]}  e4 {[%clk 0:00:06]} 42. fxe4 {[%clk 0:00:25]}  fxe4 {[%clk 0:00:07]} 43. a4 {[%clk 0:00:19]}  h5 {[%clk 0:00:06]} 44. Kd5 {[%clk 0:00:18]}  Bf8 {[%clk 0:00:03]} 45. Kxe4 {[%clk 0:00:18]}  Ka5 {[%clk 0:00:03]} 46. Kd5 {[%clk 0:00:19]}  Kxa4 {[%clk 0:00:00]} 47. b6 {[%clk 0:00:19]} 1-0

[Event "April 9 Early 2024"]
[Site "Chess.com"]
[Date "2024.04.09"]
[Round "1"]
[White "Aliyev, Ravan"]
[Black "Slade, Theodore"]
[Result "1-0"]
[Board "168"]
[WhiteFideId "13409980"]
[BlackFideId "426547"]
[WhiteTitle "FM"]
[WhiteElo "2685"]
[BlackElo "2389"]
[WhiteTeam "AZE"]
[BlackTeam "ENG"]
[WhiteClock "0:01:51"]
[BlackClock "0:00:06"]
[Variant "Standard"]

1. d4 {[%clk 0:03:00]}  d5 {[%clk 0:02:59]} 2. c4 {[%clk 0:03:00]}  e6 {[%clk 0:02:59]} 3. Nc3 {[%clk 0:02:57]}  a6 {[%clk 0:03:00]} 4. cxd5 {[%clk 0:02:54]}  exd5 {[%clk 0:03:01]} 5. Qb3 {[%clk 0:02:52]}  c5 {[%clk 0:03:00]} 6. Nf3 {[%clk 0:02:43]}  c4 {[%clk 0:02:54]} 7. Qc2 {[%clk 0:02:40]}  Nf6 {[%clk 0:02:22]} 8. Bg5 {[%clk 0:02:40]}  Bb4 {[%clk 0:02:18]} 9. e3 {[%clk 0:02:38]}  O-O {[%clk 0:02:11]} 10. Be2 {[%clk 0:02:38]}  Nc6 {[%clk 0:02:07]} 11. O-O {[%clk 0:02:37]}  Bxc3 {[%clk 0:02:07]} 12. bxc3 {[%clk 0:02:37]}  Re8 {[%clk 0:02:01]} 13. Nd2 {[%clk 0:02:35]}  h6 {[%clk 0:01:47]} 14. Bh4 {[%clk 0:02:34]}  b5 {[%clk 0:01:39]} 15. Bf3 {[%clk 0:02:25]}  Be6 {[%clk 0:01:32]} 16. e4 {[%clk 0:02:19]}  g5 {[%clk 0:01:04]} 17. Bg3 {[%clk 0:02:18]}  dxe4 {[%clk 0:01:04]} 18. Nxe4 {[%clk 0:02:18]}  Nd5 {[%clk 0:00:55]} 19. Nc5 {[%clk 0:02:18]}  b4 {[%clk 0:00:43]} 20. Rfe1 {[%clk 0:02:13]}  bxc3 {[%clk 0:00:38]} 21. Nxe6 {[%clk 0:02:08]}  Rxe6 {[%clk 0:00:34]} 22. Rxe6 {[%clk 0:02:07]}  Nxd4 {[%clk 0:00:28]} 23. Rg6+ {[%clk 0:02:01]}  Kf8 {[%clk 0:00:21]} 24. Bd6+ {[%clk 0:02:00]}  Qxd6 {[%clk 0:00:20]} 25. Rxd6 {[%clk 0:02:01]}  Nxc2 {[%clk 0:00:20]} 26. Rc1 {[%clk 0:02:01]}  Ncb4 {[%clk 0:00:16]} 27. Bxd5 {[%clk 0:02:01]}  Ke7 {[%clk 0:00:11]} 28. Bxa8 {[%clk 0:01:59]}  Kxd6 {[%clk 0:00:12]} 29. Rxc3 {[%clk 0:02:00]}  Kc5 {[%clk 0:00:11]} 30. a3 {[%clk 0:01:51]}  Na2 {[%clk 0:00:06]} 31. Rc2 {[%clk 0:01:51]} 1-0

[Event "April 9 Early 2024"]
[Site "Chess.com"]
[Date "2024.04.09"]
[Round "1"]
[White "Hasangatin, Ramil"]
[Black "Porozhnyak, Maya"]
[Result "1-0"]
[Board "174"]
[WhiteFideId "4122160"]
[BlackFideId "34115843"]
[WhiteTitle "GM"]
[BlackTitle "WCM"]
[WhiteElo "2671"]
[BlackElo "2372"]
[WhiteTeam "RUS"]
[BlackTeam "RUS"]
[WhiteClock "0:00:46"]
[BlackClock "0:00:15"]
[Variant "Standard"]

1. e4 {[%clk 0:02:59]}  c5 {[%clk 0:03:00]} 2. Nf3 {[%clk 0:02:58]}  e6 {[%clk 0:03:01]} 3. g3 {[%clk 0:02:58]}  a6 {[%clk 0:03:01]} 4. Bg2 {[%clk 0:02:58]}  Nc6 {[%clk 0:03:02]} 5. O-O {[%clk 0:02:58]}  d6 {[%clk 0:03:01]} 6. c3 {[%clk 0:02:59]}  Nf6 {[%clk 0:03:00]} 7. Re1 {[%clk 0:02:59]}  Be7 {[%clk 0:02:57]} 8. d4 {[%clk 0:03:00]}  cxd4 {[%clk 0:02:58]} 9. cxd4 {[%clk 0:03:01]}  O-O {[%clk 0:02:58]} 10. d5 {[%clk 0:03:00]}  Ne5 {[%clk 0:02:54]} 11. Nd4 {[%clk 0:02:45]}  exd5 {[%clk 0:02:50]} 12. exd5 {[%clk 0:02:46]}  Bg4 {[%clk 0:02:47]} 13. Qb3 {[%clk 0:02:43]}  b5 {[%clk 0:02:44]} 14. h3 {[%clk 0:02:42]}  Bd7 {[%clk 0:02:42]} 15. Nc6 {[%clk 0:02:37]}  Nxc6 {[%clk 0:02:30]} 16. dxc6 {[%clk 0:02:38]}  Be6 {[%clk 0:02:31]} 17. Qc2 {[%clk 0:02:05]}  Qc7 {[%clk 0:02:21]} 18. Bf4 {[%clk 0:01:51]}  Rac8 {[%clk 0:02:13]} 19. Nc3 {[%clk 0:01:43]}  Rfd8 {[%clk 0:02:10]} 20. Rac1 {[%clk 0:01:36]}  Qb6 {[%clk 0:01:52]} 21. Be3 {[%clk 0:01:28]}  Qa5 {[%clk 0:01:42]} 22. Bd4 {[%clk 0:01:27]}  h6 {[%clk 0:01:23]} 23. a3 {[%clk 0:01:26]}  Qc7 {[%clk 0:01:11]} 24. Bxf6 {[%clk 0:01:23]}  Bxf6 {[%clk 0:01:12]} 25. Nd5 {[%clk 0:01:23]}  Bxd5 {[%clk 0:01:10]} 26. Bxd5 {[%clk 0:01:24]}  Re8 {[%clk 0:01:09]} 27. Kg2 {[%clk 0:01:21]}  Kf8 {[%clk 0:00:59]} 28. Qh7 {[%clk 0:01:20]}  g6 {[%clk 0:00:52]} 29. Qxh6+ {[%clk 0:01:19]}  Bg7 {[%clk 0:00:53]} 30. Qf4 {[%clk 0:01:18]}  Re5 {[%clk 0:00:50]} 31. Bf3 {[%clk 0:01:02]}  Rf5 {[%clk 0:00:47]} 32. Qd2 {[%clk 0:00:55]}  Rd8 {[%clk 0:00:45]} 33. b4 {[%clk 0:00:53]}  Re5 {[%clk 0:00:37]} 34. Rcd1 {[%clk 0:00:49]}  Re6 {[%clk 0:00:33]} 35. Rxe6 {[%clk 0:00:48]}  fxe6 {[%clk 0:00:33]} 36. Qg5 {[%clk 0:00:47]}  Qf7 {[%clk 0:00:24]} 37. Be4 {[%clk 0:00:47]}  d5 {[%clk 0:00:15]} 38. Qxd8+ {[%clk 0:00:46]} 1-0

[Event "April 9 Early 2024"]
[Site "Chess.com"]
[Date "2024.04.10"]
[Round "1"]
[White "Sammons, Evan"]
[Black "Manukyan, Sargis A."]
[Result "0-1"]
[Board "175"]
[WhiteFideId "30974844"]
[BlackFideId "13303970"]
[BlackTitle "FM"]
[WhiteElo "2370"]
[BlackElo "2671"]
[WhiteTeam "USA"]
[BlackTeam "ARM"]
[WhiteClock "0:00:01"]
[BlackClock "0:01:22"]
[Variant "Standard"]

1. d4 {[%clk 0:03:00]}  d5 {[%clk 0:02:58]} 2. c4 {[%clk 0:03:01]}  e6 {[%clk 0:02:58]} 3. Nf3 {[%clk 0:03:01]}  Nf6 {[%clk 0:02:58]} 4. g3 {[%clk 0:03:00]}  Be7 {[%clk 0:02:57]} 5. Bg2 {[%clk 0:03:01]}  O-O {[%clk 0:02:57]} 6. O-O {[%clk 0:03:01]}  dxc4 {[%clk 0:02:57]} 7. Qc2 {[%clk 0:03:02]}  a6 {[%clk 0:02:57]} 8. a4 {[%clk 0:03:02]}  c5 {[%clk 0:02:57]} 9. dxc5 {[%clk 0:02:57]}  Bxc5 {[%clk 0:02:57]} 10. Qxc4 {[%clk 0:02:54]}  Nbd7 {[%clk 0:02:56]} 11. Nc3 {[%clk 0:02:53]}  b5 {[%clk 0:02:54]} 12. Qh4 {[%clk 0:02:33]}  b4 {[%clk 0:02:51]} 13. Ne4 {[%clk 0:02:33]}  Be7 {[%clk 0:02:52]} 14. Nxf6+ {[%clk 0:02:30]}  Nxf6 {[%clk 0:02:50]} 15. Qd4 {[%clk 0:02:20]}  Bb7 {[%clk 0:02:48]} 16. Bf4 {[%clk 0:02:14]}  Nd5 {[%clk 0:02:33]} 17. Rfd1 {[%clk 0:02:06]}  Nxf4 {[%clk 0:02:29]} 18. Qxf4 {[%clk 0:02:07]}  Qb6 {[%clk 0:02:29]} 19. Ne5 {[%clk 0:02:04]}  Bxg2 {[%clk 0:02:27]} 20. Kxg2 {[%clk 0:02:05]}  Rad8 {[%clk 0:02:23]} 21. Qf3 {[%clk 0:01:59]}  Qc7 {[%clk 0:02:15]} 22. Nc6 {[%clk 0:01:58]}  Rxd1 {[%clk 0:02:13]} 23. Nxe7+ {[%clk 0:01:57]}  Qxe7 {[%clk 0:02:12]} 24. Rxd1 {[%clk 0:01:58]}  g6 {[%clk 0:02:11]} 25. Qc6 {[%clk 0:01:57]}  a5 {[%clk 0:02:07]} 26. Qb6 {[%clk 0:01:30]}  Qf6 {[%clk 0:02:01]} 27. Rd4 {[%clk 0:01:12]}  Rc8 {[%clk 0:01:57]} 28. Rd2 {[%clk 0:00:49]}  Qe5 {[%clk 0:01:52]} 29. Qb7 {[%clk 0:00:35]}  Qc5 {[%clk 0:01:45]} 30. Rd7 {[%clk 0:00:34]}  Qc6+ {[%clk 0:01:45]} 31. Qxc6 {[%clk 0:00:34]}  Rxc6 {[%clk 0:01:46]} 32. Ra7 {[%clk 0:00:34]}  Rc5 {[%clk 0:01:46]} 33. Kf3 {[%clk 0:00:34]}  Kg7 {[%clk 0:01:43]} 34. e3 {[%clk 0:00:34]}  Kf6 {[%clk 0:01:42]} 35. h4 {[%clk 0:00:34]}  h5 {[%clk 0:01:42]} 36. Kg2 {[%clk 0:00:28]}  e5 {[%clk 0:01:39]} 37. Kf3 {[%clk 0:00:27]}  Ke6 {[%clk 0:01:39]} 38. Ke4 {[%clk 0:00:27]}  Rc2 {[%clk 0:01:35]} 39. Kf3 {[%clk 0:00:20]}  e4+ {[%clk 0:01:29]} 40. Kg2 {[%clk 0:00:19]}  Rxb2 {[%clk 0:01:28]} 41. Rxa5 {[%clk 0:00:19]}  Ra2 {[%clk 0:01:28]} 42. Ra6+ {[%clk 0:00:20]}  Kd5 {[%clk 0:01:28]} 43. a5 {[%clk 0:00:12]}  b3 {[%clk 0:01:25]} 44. Rb6 {[%clk 0:00:12]}  Kc4 {[%clk 0:01:26]} 45. a6 {[%clk 0:00:12]}  Kc3 {[%clk 0:01:26]} 46. Rc6+ {[%clk 0:00:12]}  Kd2 {[%clk 0:01:26]} 47. Rb6 {[%clk 0:00:12]}  Kc2 {[%clk 0:01:22]} 48. Rd6 {[%clk 0:00:12]}  Kb1 {[%clk 0:01:22]} 49. Rb6 {[%clk 0:00:12]}  b2 {[%clk 0:01:23]} 50. Kh2 {[%clk 0:00:10]}  Ka1 {[%clk 0:01:23]} 51. a7 {[%clk 0:00:01]}  Rxa7 {[%clk 0:01:22]} 0-1

[Event "April 9 Early 2024"]
[Site "Chess.com"]
[Date "2024.04.09"]
[Round "1"]
[White "Kotlyar, Kirill"]
[Black "Halynyazow, Vepaly"]
[Result "1-0"]
[Board "176"]
[WhiteFideId "24145599"]
[BlackFideId "14004020"]
[WhiteTitle "FM"]
[WhiteElo "2670"]
[BlackElo "2368"]
[WhiteTeam "RUS"]
[BlackTeam "TKM"]
[WhiteClock "0:00:42"]
[BlackClock "0:00:25"]
[Variant "Standard"]

1. e4 {[%clk 0:03:00]}  c5 {[%clk 0:02:58]} 2. Nf3 {[%clk 0:02:57]}  d6 {[%clk 0:02:58]} 3. d4 {[%clk 0:02:57]}  cxd4 {[%clk 0:02:59]} 4. Nxd4 {[%clk 0:02:56]}  Nf6 {[%clk 0:03:00]} 5. Nc3 {[%clk 0:02:56]}  g6 {[%clk 0:03:00]} 6. Be2 {[%clk 0:02:37]}  Bg7 {[%clk 0:02:58]} 7. Be3 {[%clk 0:02:36]}  O-O {[%clk 0:02:56]} 8. Qd2 {[%clk 0:02:34]}  Nc6 {[%clk 0:02:52]} 9. O-O-O {[%clk 0:02:30]}  d5 {[%clk 0:02:48]} 10. exd5 {[%clk 0:02:26]}  Nxd5 {[%clk 0:02:47]} 11. Nxc6 {[%clk 0:02:26]}  bxc6 {[%clk 0:02:46]} 12. Nxd5 {[%clk 0:02:24]}  cxd5 {[%clk 0:02:44]} 13. Qxd5 {[%clk 0:02:25]}  Qc7 {[%clk 0:02:41]} 14. Qxa8 {[%clk 0:02:13]}  Bf5 {[%clk 0:02:37]} 15. Qxf8+ {[%clk 0:02:12]}  Kxf8 {[%clk 0:02:36]} 16. Bd3 {[%clk 0:02:07]}  Qe5 {[%clk 0:02:33]} 17. c3 {[%clk 0:01:57]}  Be6 {[%clk 0:02:18]} 18. a3 {[%clk 0:01:56]}  a5 {[%clk 0:02:14]} 19. Bc4 {[%clk 0:01:41]}  f5 {[%clk 0:02:00]} 20. Bxe6 {[%clk 0:01:35]}  Qxe6 {[%clk 0:01:59]} 21. Rhe1 {[%clk 0:01:33]}  Qa2 {[%clk 0:01:57]} 22. Bg5 {[%clk 0:01:19]}  e5 {[%clk 0:01:41]} 23. Rd8+ {[%clk 0:00:58]}  Kf7 {[%clk 0:01:36]} 24. Red1 {[%clk 0:00:59]}  f4 {[%clk 0:00:59]} 25. R1d7+ {[%clk 0:00:58]}  Ke6 {[%clk 0:00:59]} 26. Rxg7 {[%clk 0:00:53]}  Qa1+ {[%clk 0:00:54]} 27. Kc2 {[%clk 0:00:53]}  Qf1 {[%clk 0:00:54]} 28. g4 {[%clk 0:00:43]}  Qxf2+ {[%clk 0:00:25]} 29. Rd2 {[%clk 0:00:42]} 1-0

[Event "April 9 Early 2024"]
[Site "Chess.com"]
[Date "2024.04.09"]
[Round "1"]
[White "Nasir, Zehn"]
[Black "Koridze, Lile"]
[Result "0-1"]
[Board "180"]
[WhiteFideId "2613239"]
[BlackFideId "13612514"]
[BlackTitle "WFM"]
[WhiteElo "2666"]
[BlackElo "2364"]
[WhiteTeam "CAN"]
[BlackTeam "GEO"]
[WhiteClock "0:00:34"]
[BlackClock "0:00:50"]
[Variant "Standard"]

1. d4 {[%clk 0:03:00]}  d5 {[%clk 0:03:00]} 2. Bf4 {[%clk 0:02:58]}  e6 {[%clk 0:03:00]} 3. e3 {[%clk 0:02:55]}  Nf6 {[%clk 0:03:00]} 4. Bd3 {[%clk 0:02:55]}  c5 {[%clk 0:03:00]} 5. c3 {[%clk 0:02:55]}  Nc6 {[%clk 0:03:00]} 6. Nd2 {[%clk 0:02:54]}  Bd6 {[%clk 0:03:00]} 7. Bg3 {[%clk 0:02:54]}  e5 {[%clk 0:02:33]} 8. Bb5 {[%clk 0:02:46]}  exd4 {[%clk 0:02:25]} 9. cxd4 {[%clk 0:02:34]}  cxd4 {[%clk 0:02:24]} 10. Qa4 {[%clk 0:02:22]}  Bxg3 {[%clk 0:01:56]} 11. Bxc6+ {[%clk 0:02:03]}  bxc6 {[%clk 0:01:56]} 12. hxg3 {[%clk 0:02:04]}  dxe3 {[%clk 0:01:39]} 13. fxe3 {[%clk 0:02:01]}  Qb6 {[%clk 0:01:32]} 14. Qb3 {[%clk 0:01:55]}  Qc7 {[%clk 0:01:29]} 15. Ne2 {[%clk 0:01:53]}  Ba6 {[%clk 0:01:28]} 16. Rc1 {[%clk 0:01:46]}  Bxe2 {[%clk 0:01:21]} 17. Kxe2 {[%clk 0:01:46]}  Qxg3 {[%clk 0:01:21]} 18. Rhf1 {[%clk 0:01:18]}  Qxg2+ {[%clk 0:01:20]} 19. Rf2 {[%clk 0:01:13]}  Qg4+ {[%clk 0:01:20]} 20. Ke1 {[%clk 0:01:12]}  O-O {[%clk 0:01:02]} 21. Rxc6 {[%clk 0:01:12]}  Rfe8 {[%clk 0:01:02]} 22. Nf3 {[%clk 0:00:54]}  d4 {[%clk 0:00:58]} 23. Rc7 {[%clk 0:00:41]}  Rxe3+ {[%clk 0:00:54]} 24. Qxe3 {[%clk 0:00:37]}  dxe3 {[%clk 0:00:54]} 25. Rf1 {[%clk 0:00:37]}  Rd8 {[%clk 0:00:52]} 26. Rxf7 {[%clk 0:00:34]}  Qg3+ {[%clk 0:00:50]} 0-1

[Event "April 9 Early 2024"]
[Site "Chess.com"]
[Date "2024.04.09"]
[Round "1"]
[White "Jelcic, Marko"]
[Black "Crevatin, Leo"]
[Result "0-1"]
[Board "183"]
[WhiteFideId "14406489"]
[BlackFideId "1726307"]
[WhiteTitle "CM"]
[BlackTitle "FM"]
[WhiteElo "2364"]
[BlackElo "2660"]
[WhiteTeam "BIH"]
[BlackTeam "SWE"]
[WhiteClock "0:00:03"]
[BlackClock "0:00:07"]
[Variant "Standard"]

1. e4 {[%clk 0:03:00]}  c5 {[%clk 0:02:59]} 2. c3 {[%clk 0:03:00]}  Nf6 {[%clk 0:02:59]} 3. e5 {[%clk 0:03:01]}  Nd5 {[%clk 0:02:59]} 4. Nf3 {[%clk 0:03:02]}  d6 {[%clk 0:02:53]} 5. exd6 {[%clk 0:03:02]}  e6 {[%clk 0:02:50]} 6. d4 {[%clk 0:03:00]}  cxd4 {[%clk 0:02:49]} 7. cxd4 {[%clk 0:03:00]}  Bxd6 {[%clk 0:02:47]} 8. Nc3 {[%clk 0:03:01]}  Nxc3 {[%clk 0:02:41]} 9. bxc3 {[%clk 0:03:00]}  Qc7 {[%clk 0:02:41]} 10. Qc2 {[%clk 0:02:43]}  b6 {[%clk 0:02:38]} 11. Bd3 {[%clk 0:02:43]}  Bb7 {[%clk 0:02:36]} 12. Bd2 {[%clk 0:02:09]}  h6 {[%clk 0:02:13]} 13. a4 {[%clk 0:02:04]}  O-O {[%clk 0:02:06]} 14. Be4 {[%clk 0:01:47]}  Nc6 {[%clk 0:01:49]} 15. O-O {[%clk 0:01:46]}  Na5 {[%clk 0:01:49]} 16. Rfe1 {[%clk 0:01:32]}  Nc4 {[%clk 0:01:46]} 17. h3 {[%clk 0:01:07]}  Rac8 {[%clk 0:01:44]} 18. Bc1 {[%clk 0:00:57]}  Rfd8 {[%clk 0:01:42]} 19. Qe2 {[%clk 0:00:52]}  Na5 {[%clk 0:01:39]} 20. Bb2 {[%clk 0:00:51]}  Qc4 {[%clk 0:01:27]} 21. Bd3 {[%clk 0:00:51]}  Qd5 {[%clk 0:01:26]} 22. Qc2 {[%clk 0:00:29]}  Qh5 {[%clk 0:01:20]} 23. Be4 {[%clk 0:00:26]}  Bxe4 {[%clk 0:01:18]} 24. Qxe4 {[%clk 0:00:26]}  Bb8 {[%clk 0:01:12]} 25. Ne5 {[%clk 0:00:25]}  Bxe5 {[%clk 0:01:11]} 26. Qxe5 {[%clk 0:00:25]}  Qxe5 {[%clk 0:01:02]} 27. Rxe5 {[%clk 0:00:25]}  Nc4 {[%clk 0:01:01]} 28. Re2 {[%clk 0:00:25]}  Nxb2 {[%clk 0:01:01]} 29. Rxb2 {[%clk 0:00:26]}  Rxc3 {[%clk 0:01:01]} 30. a5 {[%clk 0:00:26]}  bxa5 {[%clk 0:00:42]} 31. Rxa5 {[%clk 0:00:27]}  Rc7 {[%clk 0:00:41]} 32. Rba2 {[%clk 0:00:26]}  Rdd7 {[%clk 0:00:40]} 33. Ra6 {[%clk 0:00:24]}  g5 {[%clk 0:00:38]} 34. g3 {[%clk 0:00:24]}  Kg7 {[%clk 0:00:38]} 35. Kg2 {[%clk 0:00:24]}  Rb7 {[%clk 0:00:35]} 36. R2a5 {[%clk 0:00:23]}  Kf8 {[%clk 0:00:19]} 37. Kf3 {[%clk 0:00:22]}  Ke7 {[%clk 0:00:18]} 38. Kg2 {[%clk 0:00:22]}  Kd8 {[%clk 0:00:16]} 39. Kf3 {[%clk 0:00:20]}  Kc8 {[%clk 0:00:16]} 40. Ke3 {[%clk 0:00:16]}  Kb8 {[%clk 0:00:16]} 41. Ke4 {[%clk 0:00:15]}  Rb4 {[%clk 0:00:15]} 42. Ke3 {[%clk 0:00:11]}  Rbxd4 {[%clk 0:00:14]} 43. Rb5+ {[%clk 0:00:10]}  Ka8 {[%clk 0:00:13]} 44. Rc6 {[%clk 0:00:06]}  Rd3+ {[%clk 0:00:13]} 45. Ke2 {[%clk 0:00:06]}  Rd2+ {[%clk 0:00:11]} 46. Kf1 {[%clk 0:00:07]}  Rd8 {[%clk 0:00:09]} 47. Rc7 {[%clk 0:00:07]}  R2d7 {[%clk 0:00:08]} 48. Rbc5 {[%clk 0:00:06]}  Rxc7 {[%clk 0:00:07]} 49. Rxc7 {[%clk 0:00:06]}  f5 {[%clk 0:00:06]} 50. Re7 {[%clk 0:00:05]}  Rd6 {[%clk 0:00:05]} 51. Rh7 {[%clk 0:00:06]}  a5 {[%clk 0:00:06]} 52. Rc7 {[%clk 0:00:04]}  a4 {[%clk 0:00:05]} 53. Rc3 {[%clk 0:00:03]}  Ra6 {[%clk 0:00:05]} 54. Ra3 {[%clk 0:00:03]}  Kb7 {[%clk 0:00:06]} 55. Ke2 {[%clk 0:00:04]}  Kc6 {[%clk 0:00:07]} 56. Kd3 {[%clk 0:00:05]}  Kd5 {[%clk 0:00:06]} 57. f4 {[%clk 0:00:05]}  gxf4 {[%clk 0:00:04]} 58. gxf4 {[%clk 0:00:05]}  h5 {[%clk 0:00:05]} 59. h4 {[%clk 0:00:05]}  Ra7 {[%clk 0:00:05]} 60. Ke3 {[%clk 0:00:02]}  Kc4 {[%clk 0:00:05]} 61. Ra1 {[%clk 0:00:02]}  a3 {[%clk 0:00:05]} 62. Rc1+ {[%clk 0:00:02]}  Kb3 {[%clk 0:00:06]} 63. Rc8 {[%clk 0:00:02]}  a2 {[%clk 0:00:06]} 64. Rb8+ {[%clk 0:00:02]}  Kc4 {[%clk 0:00:06]} 65. Rc8+ {[%clk 0:00:03]}  Kd5 {[%clk 0:00:07]} 66. Rd8+ {[%clk 0:00:03]}  Kc6 {[%clk 0:00:07]} 67. Rc8+ {[%clk 0:00:04]}  Kd7 {[%clk 0:00:07]} 68. Rc1 {[%clk 0:00:03]}  a1=Q {[%clk 0:00:07]} 0-1

[Event "April 9 Early 2024"]
[Site "Chess.com"]
[Date "2024.04.09"]
[Round "1"]
[White "Antunez Soler, Luis"]
[Black "Cruz, William Ferreira Da"]
[Result "1-0"]
[Board "184"]
[WhiteFideId "3513335"]
[BlackFideId "2118050"]
[WhiteTitle "CM"]
[BlackTitle "FM"]
[WhiteElo "2660"]
[BlackElo "2362"]
[WhiteTeam "CUB"]
[BlackTeam "BRA"]
[WhiteClock "0:00:34"]
[BlackClock "0:00:00"]
[Variant "Standard"]

1. e4 {[%clk 0:02:23]}  e6 {[%clk 0:02:55]} 2. d4 {[%clk 0:02:22]}  d5 {[%clk 0:02:55]} 3. Nc3 {[%clk 0:02:23]}  Nf6 {[%clk 0:02:53]} 4. Bg5 {[%clk 0:02:23]}  dxe4 {[%clk 0:02:52]} 5. Nxe4 {[%clk 0:02:22]}  Be7 {[%clk 0:02:52]} 6. Bxf6 {[%clk 0:02:23]}  gxf6 {[%clk 0:02:51]} 7. Nf3 {[%clk 0:02:23]}  f5 {[%clk 0:02:51]} 8. Nc3 {[%clk 0:02:24]}  a6 {[%clk 0:02:50]} 9. Bc4 {[%clk 0:02:25]}  b5 {[%clk 0:02:41]} 10. Bb3 {[%clk 0:02:24]}  b4 {[%clk 0:02:30]} 11. Na4 {[%clk 0:02:23]}  Bb7 {[%clk 0:02:17]} 12. Qe2 {[%clk 0:02:05]}  Bd5 {[%clk 0:02:01]} 13. Nc5 {[%clk 0:01:49]}  Bxc5 {[%clk 0:01:03]} 14. dxc5 {[%clk 0:01:50]}  Bxb3 {[%clk 0:01:03]} 15. axb3 {[%clk 0:01:49]}  Nc6 {[%clk 0:00:55]} 16. Rxa6 {[%clk 0:01:32]}  Rxa6 {[%clk 0:00:27]} 17. Qxa6 {[%clk 0:01:30]}  Nd4 {[%clk 0:00:26]} 18. Nxd4 {[%clk 0:01:22]}  Qxd4 {[%clk 0:00:26]} 19. Qc6+ {[%clk 0:01:11]}  Qd7 {[%clk 0:00:24]} 20. Qa8+ {[%clk 0:01:05]}  Qd8 {[%clk 0:00:24]} 21. Qa4+ {[%clk 0:01:04]}  Qd7 {[%clk 0:00:19]} 22. Qxb4 {[%clk 0:01:04]}  O-O {[%clk 0:00:19]} 23. O-O {[%clk 0:01:04]}  Qd5 {[%clk 0:00:17]} 24. Re1 {[%clk 0:01:01]}  e5 {[%clk 0:00:17]} 25. Qc3 {[%clk 0:00:55]}  e4 {[%clk 0:00:16]} 26. Qg3+ {[%clk 0:00:54]}  Kh8 {[%clk 0:00:17]} 27. Qxc7 {[%clk 0:00:48]}  Rg8 {[%clk 0:00:17]} 28. Qd6 {[%clk 0:00:43]}  Qxd6 {[%clk 0:00:08]} 29. cxd6 {[%clk 0:00:43]}  Rd8 {[%clk 0:00:09]} 30. Rd1 {[%clk 0:00:42]}  Kg7 {[%clk 0:00:08]} 31. c4 {[%clk 0:00:43]}  Kf6 {[%clk 0:00:09]} 32. c5 {[%clk 0:00:43]}  Ke6 {[%clk 0:00:10]} 33. b4 {[%clk 0:00:39]}  Kd7 {[%clk 0:00:07]} 34. b5 {[%clk 0:00:38]}  Rb8 {[%clk 0:00:07]} 35. c6+ {[%clk 0:00:38]}  Ke6 {[%clk 0:00:00]} 36. d7 {[%clk 0:00:34]} 1-0